000 00270nam a2200121Ia 4500
005 20251222141854.0
008 251222s9999||||xx |||||||||||||| ||spa||
082 _a868.901/B16
100 _aBakú, Lasso de
245 0 _aCieno
264 _bLluvia Editores
942 _cLIB
999 _c7836
_d7836